1600 1246 1268 1412 1838 1284 1246 1712 1300 1424 1200 1749 1618 1917 1630 1501 1459 1243 1570 1189 1947 1516 1955 1749 1932 1613 1778 1237 1096 1431 1594 1956 1680 1781 1856 1658 1443 1997 1403 1652 1919 1467 1627 1091 1859 1450 1455 1506 1605 1386 1256 1264 1218 1096 1005 1957 1014 1619 1127 1364 1232 1438 1219 1824 1231 1286 1253 1187 1810 1093 1032 1739 1473 1688 1068 1585 1867 1990 1968 1911 1022 1686 1747 1749 1157 1372 1893 1237 1469 1965 1978 1839 1572 1930 1640 1738 1037 1939 1296 BCNSPRNW ULIB Ver.6.0+V

เปลี่ยนเป็นภาษาไทย

Change to English
 แสดงรายละเอียดบรรณานุกรม
  กลับหน้าหลัก

Brief Record : Get Marc (ISO 2709) : E-mail record : QR code < ปิดหน้าต่าง
LEADER : 00000nam 2200000uu 4500
001    13399128695
003     ULIB
008    240702s2566||||th 000 0 tha d
020     ^a9749941918
020    ^a9789749941911
060 04 ^aQS4^bบ248ก
100 0  ^aบังอร ฉางทรัพย์
245 10 ^aกายวิภาคศาสตร์ 1 =^bAnatomy 1 /^cบังอร ฉางทรัพย์
246 31 ^aAnatomy 1
250    ^aพิมพ์ครั้งที่ 10
260    ^aกรุงเทพฯ :^bสำนักพิมพ์แห่งจุฬาลงกรณ์มหาวิทยาลัย,^c2566
300    ^a693 หน้า :^bภาพประกอบ ;^c26 ซม.
650  7 ^aกายวิภาคศาสตร์
945    ^p670^l0^i010528
945    ^p670^l0^i010529
945    ^p670^l0^i010530
945    ^p670^l0^i010531
945    ^p670^l0^i010532
999    ^aประนอม เกษจรัล
รายการนี้ยังไม่มีแท็ก
คุณยังไม่ได้ล็อกอิน คุณสามารถมีกิจกรรมร่วมกับเว็บไซต์ได้ แต่ต้องล็อกอินก่อน ::
  ล็อกอิน

รายการสื่อสารสนเทศ

ลำดับที่ ประเภท เลขเรียก/บาร์โค้ด สถานที่ สถานะ
1. วิทยาศาสตร์การแพทย์ และสุขภาพ
หนังสือสำรอง
สถานะ=หนังสือสำรอง
QS4 บ248ก ฉ.1 
  Barcode: 010528
ห้องสมุดวิทยาเขตสวรรค์ประชารักษ์
►หนังสือทั่วไป
บนชั้น
2. วิทยาศาสตร์การแพทย์ และสุขภาพ
วิทยาศาสตร์การแพทย์ และสุขภาพ
QS4 บ248ก ฉ.2 
  Barcode: 010529
ห้องสมุดวิทยาเขตสวรรค์ประชารักษ์
►หนังสือทั่วไป
บนชั้น
3. วิทยาศาสตร์การแพทย์ และสุขภาพ
วิทยาศาสตร์การแพทย์ และสุขภาพ
QS4 บ248ก ฉ.3 
  Barcode: 010530
ห้องสมุดวิทยาเขตสวรรค์ประชารักษ์
►หนังสือทั่วไป
บนชั้น
4. วิทยาศาสตร์การแพทย์ และสุขภาพ
วิทยาศาสตร์การแพทย์ และสุขภาพ
QS4 บ248ก ฉ.4 
  Barcode: 010531
ห้องสมุดวิทยาเขตสวรรค์ประชารักษ์
►หนังสือทั่วไป
ถูกยืม กำหนดส่งวันที่ 15 พฤษภาคม 2569
  จอง
5. วิทยาศาสตร์การแพทย์ และสุขภาพ
วิทยาศาสตร์การแพทย์ และสุขภาพ
QS4 บ248ก ฉ.5 
  Barcode: 010532
ห้องสมุดวิทยาเขตสวรรค์ประชารักษ์
►หนังสือทั่วไป
บนชั้น

รายการใกล้เคียง
    ผู้แต่ง [บังอร ฉางทรัพย์]

    หัวเรื่อง [กายวิภาคศาสตร์]

BibComment


ยังไม่เคยถูกคอมเมนท์

คอมเมนท์ทรัพยากรรายการนี้
  คอมเมนท์: กายวิภาคศาสตร์ 1..


 Copyright 2026. Bcnsprnw @Library